1015 1879 1846 1398 1458 1756 1906 1027 1689 1052 1448 1643 1330 1770 1197 1307 1931 1824 1406 1424 1574 1108 1069 1881 1554 1512 1512 1747 1531 1197 1362 1941 1690 1068 1987 1960 1673 1039 1203 1500 1853 1760 1167 1207 1022 1426 1909 1678 1131 1694 1239 1678 1722 1654 1638 1683 1166 1855 1948 1032 1467 1355 1826 1975 1779 1074 1322 1930 1470 1969 1738 1598 1093 1238 1515 1011 1728 1358 1398 1510 1002 1195 1336 1369 1708 1914 1989 1349 1965 1122 1857 1462 1499 1138 1153 1075 1231 1481 1394 BCNSPRNW ULIB Ver.6.0+V

เปลี่ยนเป็นภาษาไทย

Change to English
 แสดงรายละเอียดบรรณานุกรม
  กลับหน้าหลัก

Brief Record : Get Marc (ISO 2709) : E-mail record : QR code < ปิดหน้าต่าง
LEADER : 00000nam 2200000uu 4500
001    13399128729
003     ULIB
008    240814s2566||||th 000 0 tha d
020    ^a9786161150556
060 04 ^aWY158^bศ316ก
100 0  ^aศรีสุนทรา เจิมวรพิพัฒน์
245 10 ^aการพยาบาลหูคอจมูก : ฉบับปรับปรุงครั้งที่2/^cศรีสุนทรา เจิมวรพิพัฒน์
250    ^aพิมพ์ครั้งที่ 1
260    ^aนนทบุรี :^bโครงการสวัสดิการวิชาการ สถาบันพระบรมราชชนกกระทรวงสาธารณสุข,^c2566
300    ^a[18], 398 หน้า :^bภาพประกอบ ;^c27 ซม.
504    ^aมีบรรณานุกรม
650  7 ^aโสต ศอ นาสิก ลาริงซ์วิทยา^xตำราการพยาบาล
650  7 ^aหู คอ จมูก, โรค^xตำราการพยาบาล
710 2  ^aสถาบันพระบรมราชชนก. ^bโครงการสวัสดิการวิชาการ
945    ^p380^l0^i010418
945    ^p380^l0^i010419
945    ^p380^l0^i010420
999    ^aประนอม เกษจรัล
รายการนี้ยังไม่มีแท็ก
คุณยังไม่ได้ล็อกอิน คุณสามารถมีกิจกรรมร่วมกับเว็บไซต์ได้ แต่ต้องล็อกอินก่อน ::
  ล็อกอิน

รายการสื่อสารสนเทศ

ลำดับที่ ประเภท เลขเรียก/บาร์โค้ด สถานที่ สถานะ
1. Book การพยาบาล
หนังสือสำรอง
สถานะ=หนังสือสำรอง
WY158 ศ316ก ฉ.1 
  Barcode: 010418
ห้องสมุดวิทยาเขตสวรรค์ประชารักษ์
►หนังสือทั่วไป
บนชั้น
2. Book การพยาบาล
Book การพยาบาล
WY158 ศ316ก ฉ.2 
  Barcode: 010419
ห้องสมุดวิทยาเขตสวรรค์ประชารักษ์
►หนังสือทั่วไป
บนชั้น
3. Book การพยาบาล
Book การพยาบาล
WY158 ศ316ก ฉ.3 
  Barcode: 010420
ห้องสมุดวิทยาเขตสวรรค์ประชารักษ์
►หนังสือทั่วไป
บนชั้น

รายการใกล้เคียง
    ผู้แต่ง [ศรีสุนทรา เจิมวรพิพัฒน์]

BibComment


ยังไม่เคยถูกคอมเมนท์

คอมเมนท์ทรัพยากรรายการนี้
  คอมเมนท์: การพยาบาลหูคอจมู..


 Copyright 2026. Bcnsprnw @Library